000 00555nam a2200169 4500
001 112575
003 ES-MaACL
005 20230906185549.0
007 t|
008 061121s1936 sp r ||||1| spa d
100 1 _aMuñoz y Rubio, Pedro Julián.
_984520
245 1 0 _aTratado de jardinería y floricultura
_b: historia de la jardinería /
_cpor Pedro Julián Muñoz y Rubio.
250 _a3ª ed. aum.
260 _aMadrid :
_b[s.n.],
_c1936 (
_fImp. Sebastián Rodríguez)
300 _aXVI, 478 p. ;
_c16 cm.
852 _aES-MaACL
_jA-5017
_bR.17077
999 _c112575
_d112575